Welcome to the Holygrace Academy Library

Please use search bar below to get started

SAMANTA THE SWIMMING FAIRY (Record no. 3129)

MARC details
000 -LEADER
fixed length control field 00409nam a22001577a 4500
020 ## - INTERNATIONAL STANDARD BOOK NUMBER
ISBN 978-1-84616-892-5
082 ## - DEWEY DECIMAL CLASSIFICATION NUMBER
Classification number 823
Item number MEA/S
100 ## - MAIN ENTRY--AUTHOR NAME
Personal name MEADOWS, DAISY
245 ## - TITLE STATEMENT
Title SAMANTA THE SWIMMING FAIRY
Remainder of title THE SPORTY FAIRIES
246 ## - VARYING FORM OF TITLE
Title proper/short title SAMANTA THE SWIMMING FAIRY
Remainder of title THE SPORTY FAIRIES
260 ## - PUBLICATION, DISTRIBUTION, ETC. (IMPRINT)
Place of publication LONDON
Name of publisher ORCHARD BOOKS
Year of publication 2008
300 ## - PHYSICAL DESCRIPTION
Number of Pages 71
520 ## - SUMMARY, ETC.
Summary, etc SHORT STORY
650 ## - SUBJECT ADDED ENTRY--TOPICAL TERM
Topical Term SHORT STORY
942 ## - ADDED ENTRY ELEMENTS (KOHA)
Koha item type Books
Holdings
Withdrawn status Lost status Collection code Home library Current library Shelving location Date acquired Source of acquisition Full call number Accession Number Koha item type
    Fiction Main Library Main Library SHELF 4-G FAIRY TALES,COMICS 07/11/2013 Purchase 823 MEA/S 06562 Books